Korelácia vzťahov medzi výsledkami testu montážnych zručností a ďalším priebehom zamestnania vo VW SK diplomová práca

Enregistré dans:
Détails bibliographiques
Auteur principal: Taragel, Valér, 1988-
Collectivité auteur: Fakulta hospodárskej informatiky EU. Katedra štatistiky
Autres auteurs: Ďurka, Peter
Format: Livre
Langue:slovaque
Publié: Bratislava 2013
Tags: Ajouter un tag
Pas de tags, Soyez le premier à ajouter un tag!

MARC

LEADER 00000nbm a2200000 4500
001 0171663
005 20170315090439.7
041 0 |a slo 
044 |a SK 
245 1 0 |a Korelácia vzťahov medzi výsledkami testu montážnych zručností a ďalším priebehom zamestnania vo VW SK  |b diplomová práca  |c Valér Taragel ; školiteľ: Peter Ďurka 
264 1 |a Bratislava  |c 2013 
300 |a 103 s. 
100 1 |a Taragel, Valér, 1988- 
700 1 |a Ďurka, Peter 
710 2 |a Fakulta hospodárskej informatiky EU. Katedra štatistiky